[Event "FRA-chT4"]
[Site "Ech Ardennais/La Francheville"]
[Date "2004.11.07"]
[Round "2"]
[White "Bourdens, Alain"]
[Black "Carpentier, Cedric"]
[Result "1/2-1/2"]
[WhiteElo "1690"]
[BlackElo "1780"]
[PlyCount "44"]
[EventDate "2004.10.10"]
[EventType "team-tourn"]
[EventRounds "3"]
[EventCountry "FRA"]
[SourceTitle "EXT 2007"]
[Source "ChessBase"]
[SourceDate "2006.11.23"]
[SourceVersion "1"]
[SourceVersionDate "2006.11.23"]
[SourceQuality "1"]

1. e4 e6 2. d4 d5 3. exd5 exd5 4. Bd3 Nc6 5. c3 Be7 6. Bf4 Nf6 7. Ne2 0-0 8. Nd2 Re8 9. 0-0 Bd6 10. Bxd6 Qxd6 11. Ng3 Bd7 12. Qc2 Re7 13. Bf5 g6 14. Bxd7 Qxd7 15. Rfe1 Rae8 16. Rxe7 Qxe7 17. Ndf1 h5 18. Ne3 Nd8 19. Re1 c6 20. Qa4 a6 21. Nc2 Qd7 22. Rxe8+ Qxe8 1/2-1/2